<?xml version="1.0" encoding="UTF-8"?><marc:collection xmlns:marc="http://www.loc.gov/MARC21/slim">
  <marc:record>
    <marc:leader>00000nas##2200000za#4500</marc:leader>
    <marc:controlfield tag="001">9.513276</marc:controlfield>
    <marc:controlfield tag="003">CaOODSP</marc:controlfield>
    <marc:controlfield tag="005">20200325130933</marc:controlfield>
    <marc:controlfield tag="007">ta</marc:controlfield>
    <marc:controlfield tag="008">150406c1993||||xxc|| m #||||f|   |0fre|d</marc:controlfield>
    <marc:datafield tag="040" ind1=" " ind2=" ">
      <marc:subfield code="a">CaOODSP</marc:subfield>
      <marc:subfield code="b">fre</marc:subfield>
    </marc:datafield>
    <marc:datafield tag="043" ind1=" " ind2=" ">
      <marc:subfield code="a">n-cn---</marc:subfield>
    </marc:datafield>
    <marc:datafield tag="086" ind1="1" ind2=" ">
      <marc:subfield code="a">Z1-1991/1-11F</marc:subfield>
    </marc:datafield>
    <marc:datafield tag="110" ind1="1" ind2=" ">
      <marc:subfield code="a">Canada.</marc:subfield>
      <marc:subfield code="b">Commissions royales. </marc:subfield>
      <marc:subfield code="b">Commission royale sur les peuples autochtones.</marc:subfield>
    </marc:datafield>
    <marc:datafield tag="245" ind1="1" ind2="0">
      <marc:subfield code="a">[Rapports et comptes rendus des tables rondes nationales] / </marc:subfield>
      <marc:subfield code="c">Coprésidents: René Dussault et Georges Erasmus. </marc:subfield>
    </marc:datafield>
    <marc:datafield tag="260" ind1=" " ind2=" ">
      <marc:subfield code="a">Ottawa - Ontario : </marc:subfield>
      <marc:subfield code="b">Commissions royales. </marc:subfield>
    </marc:datafield>
    <marc:datafield tag="500" ind1=" " ind2=" ">
      <marc:subfield code="a">«La Commission royale sur les peuples autochtones a décidé d'organiser une série de tables rondes nationales portant sur certains thèmes choisis. Ces tables rondes réunissent des universitaires, des spécialistes, des chefs politiques et des dirigeants communautaires possédant, dans les différents thèmes abordés, des connaissances et des compétences qui seront utiles à la Commission lors de l'élaboration des recommandations de son rapport final.»--Préface. Données de catalogage avant publication (Canada) imprimées dans ces publications. Coprésidents: René Dussault et Georges Erasmus.</marc:subfield>
    </marc:datafield>
    <marc:datafield tag="520" ind1="3" ind2=" ">
      <marc:subfield code="a">Des universitaires, des praticiens, des dirigeants politiques, des chefs de file communautaires et d'autres personnes possédant des connaissances et des compétences en regard d'une variété de sujets ont participé aux tables rondes tenues aux quatre coins du pays. Les rapports des tables rondes renferment des documents de discussion et des résumés quotidiens, des exemples d'initiatives individuelles et communautaires fructueuses ainsi que des annexes contenant les noms des présentateurs, des animateurs, des aînés, des observateurs et des autres participants.</marc:subfield>
    </marc:datafield>
    <marc:datafield tag="563" ind1=" " ind2=" ">
      <marc:subfield code="a">Couverture souple</marc:subfield>
    </marc:datafield>
    <marc:datafield tag="720" ind1="1" ind2=" ">
      <marc:subfield code="a">Dussault, René</marc:subfield>
    </marc:datafield>
    <marc:datafield tag="720" ind1="1" ind2=" ">
      <marc:subfield code="a">Erasmus, Georges</marc:subfield>
    </marc:datafield>
    <marc:datafield tag="775" ind1="0" ind2="8">
      <marc:subfield code="t">[National round table reports and proceedings] / </marc:subfield>
      <marc:subfield code="w">(CaOODSP)9.514942</marc:subfield>
    </marc:datafield>
  </marc:record>
</marc:collection>
